| 000 | 01575cam a22003138i 4500 | ||
|---|---|---|---|
| 001 | 20312707 | ||
| 003 | NUST | ||
| 005 | 20230118125506.0 | ||
| 008 | 180126s2018 nyu b 001 0 eng | ||
| 010 | _a 2018002949 | ||
| 020 | _a9781138044739 (pbk.) | ||
| 020 | _a9781138044715 (hbk) | ||
| 040 |
_aDLC _beng _erda _cDLC |
||
| 042 | _apcc | ||
| 050 | 0 | 0 |
_aBF455 _b.F34 2018 |
| 082 | 0 | 0 |
_a401.9,FAT _223 |
| 100 | 1 |
_aFatemi, Sayyed Mohsen, _d1964- _eauthor. _9106982 |
|
| 245 | 1 | 4 |
_aThe psychological power of language / _cSayyed Mohsen Fatemi. |
| 263 | _a1803 | ||
| 264 | 1 |
_aNew York, NY : _bRoutledge, _c2018. |
|
| 300 | _apages cm | ||
| 336 |
_atext _btxt _2rdacontent |
||
| 337 |
_aunmediated _bn _2rdamedia |
||
| 338 |
_avolume _bnc _2rdacarrier |
||
| 505 | 0 | _aIntroduction -- The psychology of language -- The psychology of signs and symbols -- The psychology of our stories -- The psychology of languaging otherwise -- The psychological receptiveness of language -- Psychological tapping of language when it comes to reading -- The interplay of psychology of language and discourse -- The psychological ontology of language -- Psychological language of love -- The psychological playfulness of language -- Langer's language of possibility and Kierkegaard's language of paradox -- Fathoming the global wisdom of education. | |
| 650 | 0 |
_aPsycholinguistics. _9101117 |
|
| 776 | 0 | 8 |
_iOnline version: _aFatemi, Sayyed Mohsen, 1964- author. _tPsychological power of language _dNew York, NY : Routledge, 2018 _z9781138044715 _w(DLC) 2018004603 |
| 942 |
_2ddc _cBK _k401.9,FAT |
||
| 999 |
_c592948 _d592948 |
||